000 00557nam a22002177a 4500
003 UA-OsUOA
001 43703
007 ta
008 20070120b un ||||| |||| 00| 0 ukr d
100 _aЕршов М.
090 _a330
_bЕ-11
942 _cSA
040 _aUA-OsUOA
_brus
_cUA-OsUOA
_dUA-OsUOA
245 _aЭкономический рост новые проблемы и новые риски
300 _aС.20-38
955 _a0
041 _arus
080 _a330
773 0 _w43702
650 7 _a330 Економіка взагалі
_2UDC
999 _c329821
_d329821